| 000 | 00638nam a2200193 a 4500 | ||
|---|---|---|---|
| 008 | 120416s1980 ||||||||||||||||| || u | ||
| 020 | _a0130938076 | ||
| 050 | _aHF 5548.2 Awa | ||
| 100 | _aAwad, Elias M | ||
| 245 | 1 | 0 | _aBusiness Data processing |
| 250 | _a5th ed. | ||
| 260 |
_aEnglewood Cliffs, N.J. : _bPrentice-Hall _c1980 |
||
| 300 | _axxii, 552p. : ill. | ||
| 350 | _a0.00 | ||
| 650 | 0 | _aBUSINESS | |
| 650 | _aBUSINESS--DATA PROCESSING | ||
| 650 | _aPunched card systems | ||
| 995 |
_D0.00 _FCBU-MAIN LIBRARY (Kitwe) _H1 _I42.80 _M1 _UDAMAGED _ZMain Library Open Access Collection |
||
| 999 |
_c36423 _d36423 |
||